000 00719nam a2200241 i 4500
999 _c93179
_d93179
001 C2-0287487
003 PPAK
005 20190625154421.0
008 080214s2006 nyu |||| ||||| | eng d
020 _a9780767920568
040 _aPPAK
_beng
_cPPAK
_erda
082 0 4 _a305.8
_223
090 0 0 _a305.8
_bRAP
_dRLCK
100 1 _aRapaille, Clotaire,
_eauthor
245 1 4 _aThe culture code : an ingenious way to understand why people around the world buy and liveas they do
264 1 _aNew York :
_bBroadway Books ,
_c2006
300 _ax, 208 pages ;
_c24 cm
336 _2rdacontent
_atext
337 _2rdamedia
_aunmediated
338 _2rdacarrier
_avolume
650 1 0 _aConsumer behavior
942 _cB
_2ddc